[Event "Winnipeg TNT March op"]
[Site "Winnipeg CAN"]
[Date "2017.03.21"]
[Round "3.4"]
[White "Annakkage, Udaya"]
[Black "Piche, Zachary"]
[Result "1-0"]
[WhiteElo "1688"]
[BlackElo "1310"]
[WhiteFideId "-1"]
[WhiteFideId "-1"]
[PlyCount "73"]
[GameId "2160767908478215"]
[EventDate "2017.03.07"]
[EventType "swiss"]
[EventRounds "4"]
[EventCountry "CAN"]
[SourceTitle "EXT 2022"]
[Source "ChessBase"]
[SourceDate "2021.10.06"]
[SourceVersion "1"]
[SourceVersionDate "2021.10.06"]
[SourceQuality "1"]

1. e4 c5 2. Nf3 d6 3. d4 cxd4 4. Nxd4 Nf6 5. Nc3 a6 6. Bg5 e6 7. Qd2 Nbd7 8. Bc4 Qc7 9. Bb3 b5 10. a3 Bb7 11. Qe2 h6 12. Bh4 Qc5 13. Rd1 Qh5 14. Bg3 Qg5 15. O-O Be7 16. Rfe1 Ne5 17. f3 O-O 18. Ba2 Rfd8 19. b4 Ned7 20. Qf2 d5 21. exd5 Nxd5 22. Nxd5 Bxd5 23. Bxd5 exd5 24. Nc6 Re8 25. Rxe7 Nf6 26. Rxe8+ Rxe8 27. Qa7 Nh5 28. Qf2 Qg6 29. Nd4 Rc8 30. Qe1 Nxg3 31. Qxg3 Qf6 32. Qe1 Rc4 33. Qd2 Qb6 34. Kh1 Qc7 35. Rc1 Qb6 36. Nb3 Qc7 37. Nc5 1-0

[Event "Winnipeg TNT March op"]
[Site "Winnipeg CAN"]
[Date "2017.03.21"]
[Round "3.4"]
[White "Beach, Brock"]
[Black "Baron, Gustav"]
[Result "0-1"]
[WhiteElo "1866"]
[BlackElo "2110"]
[WhiteFideId "-1"]
[WhiteFideId "-1"]
[PlyCount "88"]
[GameId "2160767908478216"]
[EventDate "2017.03.07"]
[EventType "swiss"]
[EventRounds "4"]
[EventCountry "CAN"]
[SourceTitle "EXT 2022"]
[Source "ChessBase"]
[SourceDate "2021.10.06"]
[SourceVersion "1"]
[SourceVersionDate "2021.10.06"]
[SourceQuality "1"]

1. d4 e6 2. c4 f5 3. Nc3 Nf6 4. Nf3 Bb4 5. Bg5 b6 6. g3 Ba6 7. Qa4 Qe7 8. a3 Bxc3+ 9. bxc3 O-O 10. Bg2 Bb7 11. O-O d6 12. Qb3 Nbd7 13. Rfe1 Rae8 14. Rad1 Kh8 15. Nd2 Bxg2 16. Kxg2 h6 17. Bxf6 Qxf6 18. f4 e5 19. e3 g5 20. Rf1 gxf4 21. dxe5 Rxe5 22. exf4 Re3 23. Rf3 Rfe8 24. Rdf1 Qe6 25. Qd1 Nf6 26. Rxe3 Qxe3 27. Rf3 Qe6 28. h3 Kg7 29. Qa4 a5 30. Qc6 Re7 31. Qb5 h5 32. Qb1 Nd7 33. Nb3 Qe2+ 34. Rf2 Qxc4 35. Nd4 Qd5+ 36. Kh2 Kf6 37. Qb2 Kg6 38. g4 hxg4 39. hxg4 Rh7+ 40. Kg3 Qh1 41. gxf5+ Kf6 42. Rh2 Rg7+ 43. Kh4 Qg1 44. Rg2 Rxg2 0-1

[Event "Winnipeg TNT March op"]
[Site "Winnipeg CAN"]
[Date "2017.03.21"]
[Round "3.4"]
[White "Bince, Rolando"]
[Black "Magnusson, Saul"]
[Result "1-0"]
[WhiteElo "2110"]
[BlackElo "2030"]
[WhiteFideId "-1"]
[WhiteFideId "-1"]
[PlyCount "50"]
[GameId "2160767740850668"]
[EventDate "2017.03.07"]
[EventType "swiss"]
[EventRounds "4"]
[EventCountry "CAN"]
[SourceTitle "EXT 2022"]
[Source "ChessBase"]
[SourceDate "2021.10.06"]
[SourceVersion "1"]
[SourceVersionDate "2021.10.06"]
[SourceQuality "1"]

1. e4 e5 2. Nf3 Nc6 3. Bb5 a6 4. Ba4 Nf6 5. O-O Be7 6. Re1 b5 7. Bb3 d6 8. c3 O-O 9. a4 Bd7 10. h3 Na5 11. Bc2 c5 12. d4 Qc7 13. Bg5 cxd4 14. cxd4 Rac8 15. Bd3 bxa4 16. Bxa6 Rb8 17. Nc3 Qa7 18. dxe5 Rxb2 19. Be2 dxe5 20. Bxf6 gxf6 21. Nxa4 Rb4 22. Nc3 Bc5 23. Rxa5 Qxa5 24. Qxd7 Rb6 25. Qg4+ Kh8 {White won in} 1-0

[Event "Winnipeg TNT March op"]
[Site "Winnipeg CAN"]
[Date "2017.03.21"]
[Round "3.4"]
[White "Konara, Harshani"]
[Black "Valentino, Marcos"]
[Result "0-1"]
[WhiteElo "1903"]
[BlackElo "2162"]
[WhiteFideId "-1"]
[WhiteFideId "-1"]
[PlyCount "66"]
[GameId "2160767740850669"]
[EventDate "2017.03.07"]
[EventType "swiss"]
[EventRounds "4"]
[EventCountry "CAN"]
[SourceTitle "EXT 2022"]
[Source "ChessBase"]
[SourceDate "2021.10.06"]
[SourceVersion "1"]
[SourceVersionDate "2021.10.06"]
[SourceQuality "1"]

1. c4 Nf6 2. Nc3 c5 3. g3 g6 4. Bg2 Bg7 5. e3 O-O 6. Nge2 e6 7. O-O Nc6 8. a3 Rb8 9. Rb1 b6 10. d3 Bb7 11. e4 h6 12. Bf4 d6 13. b4 e5 14. Bd2 Bc8 15. f4 Bd7 16. h3 Qc8 17. Kh2 Kh7 18. Qe1 Nd4 19. g4 cxb4 20. axb4 b5 21. Nxd4 exd4 22. Nxb5 Bxb5 23. cxb5 Rxb5 24. Rc1 Qd7 25. e5 Nd5 26. exd6 Re8 27. Qf2 Qxd6 28. Bxd5 Rxd5 29. Kg2 Rb5 30. Rfe1 Rbb8 31. Qf3 Rxe1 32. Rxe1 Rc8 33. Qe4 Rc7 {Black won in 67} 0-1

[Event "Winnipeg TNT March op"]
[Site "Winnipeg CAN"]
[Date "2017.03.21"]
[Round "3.4"]
[White "Le Dorze, Philippe"]
[Black "Green, Jim"]
[Result "1/2-1/2"]
[WhiteElo "1873"]
[BlackElo "1835"]
[WhiteFideId "-1"]
[WhiteFideId "-1"]
[PlyCount "42"]
[GameId "2160767908478218"]
[EventDate "2017.03.07"]
[EventType "swiss"]
[EventRounds "4"]
[EventCountry "CAN"]
[SourceTitle "EXT 2022"]
[Source "ChessBase"]
[SourceDate "2021.10.06"]
[SourceVersion "1"]
[SourceVersionDate "2021.10.06"]
[SourceQuality "1"]

1. d4 d5 2. c4 c6 3. Nc3 Nf6 4. Nf3 a6 5. cxd5 cxd5 6. g3 e6 7. Bg2 Nc6 8. O-O Bd6 9. Re1 O-O 10. e4 dxe4 11. Nxe4 Nxe4 12. Rxe4 Be7 13. Bf4 Bd7 14. Ne5 Rc8 15. Rc1 Nxe5 16. dxe5 Rxc1 17. Bxc1 Qc7 18. Rd4 Rd8 19. Bf4 Bc8 20. Rxd8+ Qxd8 21. Qxd8+ Bxd8 1/2-1/2

[Event "Winnipeg TNT March op"]
[Site "Winnipeg CAN"]
[Date "2017.03.21"]
[Round "3.4"]
[White "Leaden, Bruce"]
[Black "Gannon, Keith"]
[Result "0-1"]
[WhiteElo "1480"]
[BlackElo "1593"]
[WhiteFideId "-1"]
[WhiteFideId "-1"]
[PlyCount "86"]
[GameId "2160767908478219"]
[EventDate "2017.03.07"]
[EventType "swiss"]
[EventRounds "4"]
[EventCountry "CAN"]
[SourceTitle "EXT 2022"]
[Source "ChessBase"]
[SourceDate "2021.10.06"]
[SourceVersion "1"]
[SourceVersionDate "2021.10.06"]
[SourceQuality "1"]

1. e4 e5 2. Bc4 Nf6 3. d4 Nc6 4. d5 Na5 5. Bd3 b6 6. Nf3 d6 7. O-O Be7 8. Be3 O-O 9. c4 c5 10. dxc6 Nxc6 11. a3 a5 12. Nc3 Bg4 13. Nb5 Re8 14. h3 Bxf3 15. Qxf3 Na7 16. Nc3 Rb8 17. b4 axb4 18. axb4 Qc7 19. Nd5 Nxd5 20. cxd5 Rec8 21. Ba6 Rd8 22. Rfc1 Qd7 23. Rc2 Nb5 24. Rac1 Bf6 25. Rc6 Nd4 26. Bxd4 exd4 27. Qd3 Qe8 28. Bb5 Qe5 29. Rc7 g6 30. Ra7 Rbc8 31. Bc6 h5 32. h4 Bxh4 33. g3 Be7 34. Rd1 h4 35. f4 Qf6 36. Qxd4 Qxd4+ 37. Rxd4 Bf6 38. Rd3 hxg3 39. Rxg3 Bd4+ 40. Kg2 Kg7 41. f5 b5 42. Rxg6+ Kf8 43. Rg3 Bxa7 0-1

[Event "Winnipeg TNT March op"]
[Site "Winnipeg CAN"]
[Date "2017.03.21"]
[Round "3.4"]
[White "Lei, Yanyu"]
[Black "Magyar, Peter"]
[Result "0-1"]
[WhiteElo "1170"]
[BlackElo "1533"]
[WhiteFideId "-1"]
[WhiteFideId "-1"]
[PlyCount "163"]
[GameId "2160767908478220"]
[EventDate "2017.03.07"]
[EventType "swiss"]
[EventRounds "4"]
[EventCountry "CAN"]
[SourceTitle "EXT 2022"]
[Source "ChessBase"]
[SourceDate "2021.10.06"]
[SourceVersion "1"]
[SourceVersionDate "2021.10.06"]
[SourceQuality "1"]

1. d4 e6 2. c4 c5 3. d5 d6 4. e4 Nf6 5. Nc3 a6 6. Bg5 Be7 7. Bd3 e5 8. Nge2 O-O 9. Qc2 Ng4 10. Bxe7 Qxe7 11. O-O-O Nxf2 12. Rhf1 Nxd1 13. Nxd1 Qg5+ 14. Kb1 Bd7 15. Ng3 Qd8 16. Qf2 g6 17. Qf6 Bg4 18. Qxd8 Rxd8 19. Ne3 Bd7 20. h4 b5 21. h5 b4 22. b3 Be8 23. hxg6 hxg6 24. Rf6 a5 25. Ngf5 gxf5 26. Nxf5 a4 27. Nxd6 Nd7 28. Rh6 Kg7 29. Nf5+ Kg8 30. Be2 f6 31. Bh5 Bxh5 32. Rxh5 Kf7 33. Nd6+ Kg6 34. Rh3 Kg7 35. Kb2 Nf8 36. Nb7 Rdb8 37. Nxc5 Kf7 38. d6 Ra7 39. Rd3 Kg6 40. Nxa4 Rd7 41. Nc5 Rh7 42. d7 Rd8 43. a4 bxa3+ 44. Kxa3 Nxd7 45. b4 Ra8+ 46. Kb3 Nxc5+ 47. bxc5 Rb7+ 48. Kc3 Ra3+ 49. Kd2 Rb2+ 50. Ke3 Rbb3 51. Rxb3 Rxb3+ 52. Kd2 Rb2+ 53. Kc3 Rxg2 54. c6 Rh2 55. Kb4 Rb2+ 56. Kc5 Rb8 57. c7 Rc8 58. Kd6 Kf7 59. Kd7 Re8 60. c8=Q Rxc8 61. Kxc8 Ke7 62. c5 f5 63. c6 fxe4 64. c7 e3 65. Kb7 e2 66. c8=Q e1=Q 67. Qc7+ Ke6 68. Qc8+ Kd5 69. Qc6+ Kd4 70. Qd6+ Ke4 71. Qc6+ Kd3 72. Qd5+ Kc2 73. Kc6 Qc3+ 74. Qc5 Qxc5+ 75. Kxc5 Kd3 76. Kd5 e4 77. Ke5 e3 78. Kf4 Ke2 79. Ke4 Kf2 80. Kd3 e2 81. Kd2 e1=Q+ 82. Kd3 0-1

[Event "Winnipeg TNT March op"]
[Site "Winnipeg CAN"]
[Date "2017.03.21"]
[Round "3.4"]
[White "Letain, Cory"]
[Black "Myrzaibraimov, Azamat"]
[Result "1-0"]
[WhiteElo "1721"]
[BlackElo "1403"]
[WhiteFideId "-1"]
[WhiteFideId "-1"]
[PlyCount "111"]
[GameId "2160767908478221"]
[EventDate "2017.03.07"]
[EventType "swiss"]
[EventRounds "4"]
[EventCountry "CAN"]
[SourceTitle "EXT 2022"]
[Source "ChessBase"]
[SourceDate "2021.10.06"]
[SourceVersion "1"]
[SourceVersionDate "2021.10.06"]
[SourceQuality "1"]

1. d4 h6 2. e4 d6 3. Bc4 Nf6 4. Nd2 Nc6 5. c3 a6 6. Ngf3 Bg4 7. O-O d5 8. Bd3 e5 9. exd5 Qxd5 10. Bc4 Qd6 11. Re1 O-O-O 12. Qb3 Na5 13. Qc2 Nxc4 14. Nxc4 Qd5 15. Ncxe5 Re8 16. Bf4 Bxf3 17. Nxf3 Rxe1+ 18. Rxe1 Bd6 19. Bxd6 Qxd6 20. Ne5 Re8 21. Qf5+ Qe6 22. Qxe6+ Rxe6 23. Kf1 Re7 24. c4 Nd7 25. f4 h5 26. h3 Nb6 27. b3 a5 28. g4 hxg4 29. hxg4 Nd7 30. Re2 Nxe5 31. Rxe5 Kd7 32. Kf2 b6 33. Kf3 Rxe5 34. dxe5 c6 35. Ke4 Ke7 36. f5 f6 37. e6 Kd6 38. a3 Ke7 39. b4 axb4 40. axb4 Kd6 41. c5+ bxc5 42. bxc5+ Ke7 43. Kf4 Ke8 44. g5 Ke7 45. g6 Ke8 46. Ke4 Ke7 47. Kd4 Kd8 48. Kc4 Kc7 49. Kb4 Kd8 50. Ka5 Kc7 51. Ka6 Kd8 52. Kb6 Ke7 53. Kxc6 Kd8 54. Kb7 Ke7 55. c6 Kd8 56. c7+ 1-0

[Event "Winnipeg TNT March op"]
[Site "Winnipeg CAN"]
[Date "2017.03.21"]
[Round "3.4"]
[White "Myrzaibraimova, Aibike"]
[Black "Einarsson, Ken"]
[Result "0-1"]
[WhiteElo "1567"]
[BlackElo "1739"]
[WhiteFideId "-1"]
[WhiteFideId "-1"]
[PlyCount "84"]
[GameId "2160767908478222"]
[EventDate "2017.03.07"]
[EventType "swiss"]
[EventRounds "4"]
[EventCountry "CAN"]
[SourceTitle "EXT 2022"]
[Source "ChessBase"]
[SourceDate "2021.10.06"]
[SourceVersion "1"]
[SourceVersionDate "2021.10.06"]
[SourceQuality "1"]

1. e4 c6 2. Nf3 d5 3. exd5 cxd5 4. d4 Nf6 5. Bb5+ Bd7 6. Bxd7+ Nbxd7 7. O-O e6 8. a3 Bd6 9. Bg5 Qc7 10. Nc3 a6 11. h3 Rc8 12. Re1 O-O 13. Qd3 h6 14. Bh4 Rfe8 15. Qe2 Nh7 16. Bg3 Bxg3 17. fxg3 Qxg3 18. Ne5 Nxe5 19. Qxe5 Qxe5 20. Rxe5 Nf6 21. Rf1 Rc4 22. Rf4 Nd7 23. Re3 g5 24. Rf2 Rxd4 25. Rg3 Kg7 26. Rgf3 f5 27. Rd3 Rxd3 28. cxd3 Nc5 29. d4 Ne4 30. Nxe4 dxe4 31. Rc2 Re7 32. Kf2 f4 33. g3 Rd7 34. gxf4 gxf4 35. Rc4 Kf6 36. h4 b5 37. Rc6 Rxd4 38. Rxa6 Rd2+ 39. Kg1 Rxb2 40. a4 e3 41. Kf1 f3 42. a5 Rb1# 0-1

[Event "Winnipeg TNT March op"]
[Site "Winnipeg CAN"]
[Date "2017.03.21"]
[Round "3.4"]
[White "Prince, Colin"]
[Black "Remillard, John"]
[Result "1-0"]
[WhiteElo "1850"]
[BlackElo "1678"]
[WhiteFideId "-1"]
[WhiteFideId "-1"]
[PlyCount "33"]
[GameId "2160767908478223"]
[EventDate "2017.03.07"]
[EventType "swiss"]
[EventRounds "4"]
[EventCountry "CAN"]
[SourceTitle "EXT 2022"]
[Source "ChessBase"]
[SourceDate "2021.10.06"]
[SourceVersion "1"]
[SourceVersionDate "2021.10.06"]
[SourceQuality "1"]

1. e4 e5 2. Nf3 d6 3. d4 exd4 4. Qxd4 Nc6 5. Bb5 Bd7 6. Bxc6 Bxc6 7. Nc3 Nf6 8. Bg5 Be7 9. O-O-O O-O 10. h4 Nd7 11. Nd5 f6 12. Be3 b5 13. Nf4 Qb8 14. h5 Qb6 15. Qc3 Qa6 16. Qb3+ Kh8 17. Ng6+ 1-0

[Event "Winnipeg TNT March op"]
[Site "Winnipeg CAN"]
[Date "2017.03.21"]
[Round "3.4"]
[White "Reimer, Bruce"]
[Black "Swift, Ryne"]
[Result "0-1"]
[WhiteElo "1665"]
[BlackElo "1898"]
[WhiteFideId "-1"]
[WhiteFideId "-1"]
[PlyCount "38"]
[GameId "2160767908478224"]
[EventDate "2017.03.07"]
[EventType "swiss"]
[EventRounds "4"]
[EventCountry "CAN"]
[SourceTitle "EXT 2022"]
[Source "ChessBase"]
[SourceDate "2021.10.06"]
[SourceVersion "1"]
[SourceVersionDate "2021.10.06"]
[SourceQuality "1"]

1. c4 c5 2. g3 d6 3. Bg2 Nc6 4. Nc3 Nf6 5. e4 g6 6. Nge2 Bg7 7. O-O O-O 8. d3 a6 9. a3 Rb8 10. Rb1 b5 11. e5 Nxe5 12. cxb5 axb5 13. b4 Bg4 14. Be4 Bh3 15. Bg2 Bxg2 16. Kxg2 Qd7 17. Bf4 Qc6+ 18. Kg1 Nf3+ 19. Kg2 Ne1+ 0-1

[Event "Winnipeg TNT March op"]
[Site "Winnipeg CAN"]
[Date "2017.03.28"]
[Round "4.4"]
[White "Annakkage, Udaya"]
[Black "Prince, Colin"]
[Result "0-1"]
[WhiteElo "1688"]
[BlackElo "1850"]
[WhiteFideId "-1"]
[WhiteFideId "-1"]
[PlyCount "58"]
[GameId "2160767908478225"]
[EventDate "2017.03.07"]
[EventType "swiss"]
[EventRounds "4"]
[EventCountry "CAN"]
[SourceTitle "EXT 2022"]
[Source "ChessBase"]
[SourceDate "2021.10.06"]
[SourceVersion "1"]
[SourceVersionDate "2021.10.06"]
[SourceQuality "1"]

1. e4 e5 2. Nf3 Nc6 3. Bb5 a6 4. Ba4 Nf6 5. d3 d6 6. c3 h6 7. h3 Be6 8. O-O b5 9. Bc2 d5 10. exd5 Nxd5 11. Re1 Bd6 12. d4 exd4 13. Nxd4 Nxd4 14. Qxd4 O-O 15. Be4 Rc8 16. Nd2 c5 17. Qd3 Nf6 18. Bf5 Qd7 19. Be4 Rfe8 20. Qf3 Bb8 21. Bb7 Bc4 22. Rxe8+ Rxe8 23. g3 Qxh3 24. Ne4 Qf1+ 25. Kh2 Nxe4 26. Bxe4 Rxe4 27. Qxe4 Qxf2+ 28. Qg2 Bxg3+ 29. Kh1 Qe1+ 0-1

[Event "Winnipeg TNT March op"]
[Site "Winnipeg CAN"]
[Date "2017.03.28"]
[Round "4.4"]
[White "Baron, Gustav"]
[Black "Bince, Rolando"]
[Result "1-0"]
[WhiteElo "2110"]
[BlackElo "2128"]
[WhiteFideId "-1"]
[WhiteFideId "-1"]
[PlyCount "133"]
[GameId "2160767908478226"]
[EventDate "2017.03.07"]
[EventType "swiss"]
[EventRounds "4"]
[EventCountry "CAN"]
[SourceTitle "EXT 2022"]
[Source "ChessBase"]
[SourceDate "2021.10.06"]
[SourceVersion "1"]
[SourceVersionDate "2021.10.06"]
[SourceQuality "1"]

1. d4 Nf6 2. Nf3 e6 3. Bg5 c5 4. e3 d5 5. c3 Qb6 6. Qb3 Qxb3 7. axb3 Ne4 8. Bf4 Nd7 9. Na3 Nd6 10. Bb5 Kd8 11. Bxd7 Bxd7 12. dxc5 Ne4 13. b4 f6 14. Rd1 Ba4 15. Rd4 a6 16. h3 Ke8 17. Bc7 Rc8 18. Bb6 Bc6 19. O-O e5 20. Rdd1 Be7 21. c4 dxc4 22. Nxc4 Bb5 23. b3 Kf7 24. Rc1 Bd8 25. Rfd1 Bxb6 26. Nxb6 Rcd8 27. Nc4 Ke6 28. Nfd2 Nxd2 29. Rxd2 Bxc4 30. Rxd8 Rxd8 31. bxc4 Rd2 32. b5 axb5 33. cxb5 Kd7 34. c6+ bxc6 35. Rxc6 Rd1+ 36. Kh2 Rb1 37. Ra6 g5 38. Rxf6 Rxb5 39. Rf7+ Ke6 40. Rxh7 Kf6 41. Kg3 Kg6 42. Ra7 Rb4 43. f3 Rb3 44. Ra6+ Kh5 45. e4 Rb5 46. Rd6 Rb8 47. Kh2 g4 48. hxg4+ Kg5 49. Kg3 Re8 50. Rd7 Kg6 51. Kf2 Ra8 52. Ke3 Kf6 53. g3 Rb8 54. f4 Ke6 55. Rd5 Rb3+ 56. Rd3 Rb4 57. g5 Rb7 58. f5+ Ke7 59. Kf3 Rb4 60. Rd5 Rb3+ 61. Kg4 Kf7 62. Rxe5 Rb1 63. g6+ Kf6 64. Re6+ Kg7 65. Kg5 Rb3 66. f6+ Kf8 67. g7+ 1-0

[Event "Winnipeg TNT March op"]
[Site "Winnipeg CAN"]
[Date "2017.03.28"]
[Round "4.4"]
[White "Gannon, Keith"]
[Black "Le Dorze, Philippe"]
[Result "0-1"]
[WhiteElo "1593"]
[BlackElo "1873"]
[WhiteFideId "-1"]
[WhiteFideId "-1"]
[PlyCount "84"]
[GameId "2160767908478227"]
[EventDate "2017.03.07"]
[EventType "swiss"]
[EventRounds "4"]
[EventCountry "CAN"]
[SourceTitle "EXT 2022"]
[Source "ChessBase"]
[SourceDate "2021.10.06"]
[SourceVersion "1"]
[SourceVersionDate "2021.10.06"]
[SourceQuality "1"]

1. e4 Nf6 2. d3 e6 3. Nc3 b6 4. Nf3 Bb7 5. Be2 d5 6. exd5 Nxd5 7. Nxd5 Qxd5 8. c4 Qd8 9. O-O Bd6 10. g3 Nd7 11. d4 Nf6 12. Bg5 h6 13. Bxf6 Qxf6 14. a3 O-O 15. b4 Rfe8 16. Qb3 Rab8 17. Rfd1 g6 18. c5 Bd5 19. Qd3 bxc5 20. bxc5 Rb3 21. cxd6 Rxd3 22. Rxd3 cxd6 23. Rad1 Bc4 24. Ne1 Bxd3 25. Rxd3 Rb8 26. f4 Rb2 27. Bf3 Qf5 28. Kf1 Rb1 29. Re3 Qb5+ 30. Be2 Qa5 31. Bf3 Qd2 32. Re2 Qxd4 33. Be4 Rb2 34. Rxb2 Qxb2 35. a4 Qxh2 36. Bb7 a5 37. Bc6 Qxg3 38. Bb5 Qxf4+ 39. Ke2 h5 40. Nd3 Qd4 41. Nc1 h4 42. Nb3 Qb2+ 0-1

[Event "Winnipeg TNT March op"]
[Site "Winnipeg CAN"]
[Date "2017.03.28"]
[Round "4.4"]
[White "Green, Jim"]
[Black "Konara, Harshani"]
[Result "1/2-1/2"]
[WhiteElo "1835"]
[BlackElo "1903"]
[WhiteFideId "-1"]
[WhiteFideId "-1"]
[PlyCount "59"]
[GameId "2160767908478228"]
[EventDate "2017.03.07"]
[EventType "swiss"]
[EventRounds "4"]
[EventCountry "CAN"]
[SourceTitle "EXT 2022"]
[Source "ChessBase"]
[SourceDate "2021.10.06"]
[SourceVersion "1"]
[SourceVersionDate "2021.10.06"]
[SourceQuality "1"]

1. e4 d5 2. exd5 Qxd5 3. Nc3 Qd8 4. d4 c6 5. Bc4 Bf5 6. Nf3 e6 7. O-O Nf6 8. Bg5 h6 9. Bf4 Bd6 10. Be5 O-O 11. Bb3 Bc7 12. Bxc7 Qxc7 13. Qe2 Nbd7 14. Rad1 Rad8 15. h3 Nd5 16. Nxd5 cxd5 17. c3 Nf6 18. Bc2 Bxc2 19. Qxc2 Ne4 20. Nd2 Nd6 21. Rfe1 Nf5 22. Nf3 Qc4 23. Ne5 Qc7 24. Qe2 Qe7 25. Nf3 Nd6 26. Qc2 Qc7 27. Rc1 Rc8 28. Nd2 Nf5 29. Nf3 Qd6 30. Qe2 1/2-1/2

[Event "Winnipeg TNT March op"]
[Site "Winnipeg CAN"]
[Date "2017.03.28"]
[Round "4.4"]
[White "Magyar, Peter"]
[Black "Reimer, Bruce"]
[Result "1/2-1/2"]
[WhiteElo "1533"]
[BlackElo "1665"]
[WhiteFideId "-1"]
[WhiteFideId "-1"]
[PlyCount "70"]
[GameId "2160767908478229"]
[EventDate "2017.03.07"]
[EventType "swiss"]
[EventRounds "4"]
[EventCountry "CAN"]
[SourceTitle "EXT 2022"]
[Source "ChessBase"]
[SourceDate "2021.10.06"]
[SourceVersion "1"]
[SourceVersionDate "2021.10.06"]
[SourceQuality "1"]

1. d4 g6 2. Bf4 Bg7 3. Nf3 d6 4. e3 a6 5. Be2 b5 6. c3 Nd7 7. h3 Bb7 8. Nbd2 Ngf6 9. O-O O-O 10. Bd3 c5 11. Rc1 c4 12. Bc2 Nb6 13. b3 Nfd5 14. Be4 Qc7 15. Bh2 a5 16. a3 cxb3 17. Qxb3 Qd7 18. Bd3 Ba6 19. e4 Nc7 20. Bf4 Rfb8 21. Nh2 Nc4 22. Ng4 e5 23. Be3 exd4 24. cxd4 Qd8 25. Bxc4 bxc4 26. Qa2 c3 27. Nc4 d5 28. exd5 Qxd5 29. Rxc3 Nb5 30. Rc2 Nxd4 31. Bxd4 Qxd4 32. Nge3 Bh6 33. Re1 Bc8 34. Rd2 Qe4 35. Nd6 Qe7 1/2-1/2

[Event "Winnipeg TNT March op"]
[Site "Winnipeg CAN"]
[Date "2017.03.28"]
[Round "4.4"]
[White "Piche, Zachary"]
[Black "Myrzaibraimova, Aibike"]
[Result "0-1"]
[WhiteElo "1310"]
[BlackElo "1567"]
[WhiteFideId "-1"]
[WhiteFideId "-1"]
[PlyCount "48"]
[GameId "2160767908478230"]
[EventDate "2017.03.07"]
[EventType "swiss"]
[EventRounds "4"]
[EventCountry "CAN"]
[SourceTitle "EXT 2022"]
[Source "ChessBase"]
[SourceDate "2021.10.06"]
[SourceVersion "1"]
[SourceVersionDate "2021.10.06"]
[SourceQuality "1"]

1. d4 d5 2. c4 e6 3. Nc3 Nf6 4. Bg5 Be7 5. Nf3 O-O 6. e3 b6 7. cxd5 exd5 8. Bd3 c5 9. O-O c4 10. Bc2 Nc6 11. b3 Bg4 12. h3 Bh5 13. bxc4 dxc4 14. Qe2 Qc8 15. g4 Nxg4 16. Qxc4 Nxe3 17. fxe3 Qxh3 18. Qxc6 Rac8 19. Qe4 Bg6 20. Qxe7 Bxc2 21. Nd5 Qg3+ 22. Kh1 Qh3+ 23. Nh2 Rce8 24. Qd6 Be4+ 0-1

[Event "Winnipeg TNT March op"]
[Site "Winnipeg CAN"]
[Date "2017.03.28"]
[Round "4.4"]
[White "Remillard, John"]
[Black "Myrzaibraimov, Azamat"]
[Result "0-1"]
[WhiteElo "1678"]
[BlackElo "1403"]
[WhiteFideId "-1"]
[WhiteFideId "-1"]
[PlyCount "94"]
[GameId "2160767740850670"]
[EventDate "2017.03.07"]
[EventType "swiss"]
[EventRounds "4"]
[EventCountry "CAN"]
[SourceTitle "EXT 2022"]
[Source "ChessBase"]
[SourceDate "2021.10.06"]
[SourceVersion "1"]
[SourceVersionDate "2021.10.06"]
[SourceQuality "1"]

1. c4 Nf6 2. d4 h6 3. Nc3 e6 4. a3 b6 5. e4 d6 6. Nf3 Bb7 7. Bd3 Be7 8. Qc2 Nc6 9. Bf4 g5 10. Be3 Nh5 11. O-O-O g4 12. Nd2 Bg5 13. Rdf1 Nf4 14. g3 Ng6 15. Be2 h5 16. Qd3 Qf6 17. f4 gxf3 18. Rxf3 Qe7 19. Rhf1 Rh7 20. Nb5 Bxe3 21. Nxc7+ Qxc7 22. Qxe3 O-O-O 23. Rf6 Nh8 24. Kb1 Ba6 25. b4 Bb7 26. d5 Ne5 27. Qg5 Ng4 28. Bxg4 hxg4 29. R1f2 exd5 30. Qxg4+ Kb8 31. exd5 Re8 32. Qf5 Rg7 33. Qh5 Ba6 34. R6f4 Qd7 35. b5 Bc8 36. Ne4 Qe7 37. Nf6 Rd8 38. Re2 Qf8 39. Rfe4 Bg4 40. Nxg4 f5 41. Re8 Rg6 42. Rxf8 Rxf8 43. Nf2 Kc8 44. Qh7 Rgf6 45. Re7 R6f7 46. Rxf7 Nxf7 47. Qxf5+ Kd8 {White lost on time} 0-1

[Event "Winnipeg TNT March op"]
[Site "Winnipeg CAN"]
[Date "2017.03.28"]
[Round "4.4"]
[White "Swift, Ryne"]
[Black "Letain, Cory"]
[Result "1-0"]
[WhiteElo "1898"]
[BlackElo "1721"]
[WhiteFideId "-1"]
[WhiteFideId "-1"]
[PlyCount "95"]
[GameId "2160767908478231"]
[EventDate "2017.03.07"]
[EventType "swiss"]
[EventRounds "4"]
[EventCountry "CAN"]
[SourceTitle "EXT 2022"]
[Source "ChessBase"]
[SourceDate "2021.10.06"]
[SourceVersion "1"]
[SourceVersionDate "2021.10.06"]
[SourceQuality "1"]

1. e4 e5 2. Nf3 Nf6 3. Nc3 Bb4 4. a3 Bxc3 5. dxc3 Nc6 6. Bb5 d6 7. Qd3 Bd7 8. c4 h6 9. O-O Qe7 10. b4 O-O 11. Bb2 a6 12. Ba4 Rfd8 13. Bb3 Be6 14. Nd2 Na7 15. a4 c5 16. b5 a5 17. f4 b6 18. f5 Bc8 19. h3 h5 20. c3 Bb7 21. Bd1 h4 22. Bc1 Nc8 23. Bf3 Qc7 24. Nb1 Nh7 25. Qe3 f6 26. Qf2 Ng5 27. Qxh4 Nxf3+ 28. Rxf3 d5 29. cxd5 Nd6 30. Nd2 Kf7 31. Qh5+ Ke7 32. Rg3 Rg8 33. Qh7 Kf8 34. c4 Qf7 35. Raa3 Bc8 36. h4 Bd7 37. Qg6 Qe7 38. h5 Be8 39. Qh7 Ra7 40. h6 Qd8 41. hxg7+ Raxg7 42. Rxg7 Rxg7 43. Qh6 Nf7 44. Qe3 Nd6 45. Rc3 Bh5 46. Qh6 Be8 47. Rg3 Qe7 48. Qh8+ 1-0

[Event "Winnipeg TNT March op"]
[Site "Winnipeg CAN"]
[Date "2017.03.28"]
[Round "4.4"]
[White "Trueman, Francis"]
[Black "Leaden, Bruce"]
[Result "1/2-1/2"]
[WhiteElo "1434"]
[BlackElo "1440"]
[WhiteFideId "-1"]
[WhiteFideId "-1"]
[PlyCount "65"]
[GameId "2160767908478232"]
[EventDate "2017.03.07"]
[EventType "swiss"]
[EventRounds "4"]
[EventCountry "CAN"]
[SourceTitle "EXT 2022"]
[Source "ChessBase"]
[SourceDate "2021.10.06"]
[SourceVersion "1"]
[SourceVersionDate "2021.10.06"]
[SourceQuality "1"]

1. Nf3 e6 2. d3 b6 3. Nbd2 Bb7 4. e4 d5 5. g3 c5 6. c3 Nc6 7. Bg2 Bd6 8. O-O Nge7 9. Re1 O-O 10. e5 Bc7 11. Nf1 d4 12. c4 Ng6 13. Bf4 Nxf4 14. gxf4 Ne7 15. Nh4 Bxg2 16. Nxg2 Qd7 17. Ng3 f6 18. exf6 Rxf6 19. Ne4 Rg6 20. Qf3 Rf8 21. Kh1 Nf5 22. h4 e5 23. Qh3 Ng3+ 24. Kh2 Qxh3+ 25. Kxh3 Nxe4 26. Rxe4 exf4 27. h5 Rc6 28. f3 Bb8 29. Rae1 Rcc8 30. Kg4 h6 31. Nh4 Rf6 32. Ng6 Bd6 33. R1e2 1/2-1/2